The Last Word: TV Actors Quiz Stats

 Plays Quiz Updated Oct 15, 2015

Challenge
Share
Tweet
Embed
Score 0/36 Timer 05:00
1 Play Today
Hint Answer % Correct
Alyson HanniganMother
99.7%
Chris NothOrder
98.5%
Chris NothCity
98.4%
Alyson HanniganSlayer
98.4%
Michael LandonAlive
96.9%
William ShatnerTrek
93.4%
Rob LoweRecreation
92.1%
Betty WhiteGirls
92%
Don JohnsonVice
91.8%
Betty WhiteShow
91.4%
Michael LandonPrairie
90.2%
Chris NothWife
89.6%
Lee MajorsMan
88.5%
Rob LoweWing
87.3%
Rob LoweSisters
87.2%
Torrey DeVittoDiaries
87.2%
Connie BrittonStory
86.2%
Connie BrittonLights
85.4%
Hint Answer % Correct
Torrey DeVittoLiars
85%
Jennifer Love HewittMinds
84.8%
Buddy EbsenHillbillies
83%
Jennifer Love HewittFive
81%
William ShatnerLegal
78%
Michael LandonHeaven
75.7%
William ShatnerHooker
71%
Betty WhiteCleveland
69.9%
Don JohnsonBridges
68%
Lee MajorsGuy
66.7%
Jennifer Love HewittWhisperer
64.2%
Torrey DeVittoWives
58.7%
Buddy EbsenJones
58.1%
Don JohnsonOil
45.4%
Buddy EbsenPassage
34.8%
Lee MajorsValley
13.8%
Alyson HanniganSpirit
5.5%
Connie BrittonFitzgeralds
3.5%

You're not logged in!

Compare scores with friends on all Sporcle quizzes.
Join for Free
OR
Log In

You Might Also Like...

Show Comments

Extras

Top Quizzes Today


Score Distribution

Your Account Isn't Verified!

In order to create a playlist on Sporcle, you need to verify the email address you used during registration. Go to your Sporcle Settings to finish the process.

Report this User

Report this user for behavior that violates our Community Guidelines.

Details: